The A to Z of corporate social responsibility (Registro nro. 107120)

Detalles MARC
000 -LEADER
campo de control de longitud fija 01395nam a2200361 i 4500
001 - NÚMERO DE CONTROL
campo de control MOR01000107447
003 - IDENTIFICADOR DE NÚMERO DE CONTROL
campo de control $$amxdfmo
005 - FECHA Y HORA DE LA ÚLTIMA TRANSACCIÓN
campo de control 20260331231002.0
008 - DATOS DE LONGITUD FIJA--INFORMACIÓN GENERAL
campo de control de longitud fija 190218s2007 enk g eng d
020 ## - NÚMERO INTERNACIONAL ESTÁNDAR DEL LIBRO
Número Internacional Estándar del Libro 9780470723951 (tela)
035 ## - NÚMERO DE CONTROL DEL SISTEMA
Número de control de sistema 190496
040 ## - FUENTE DE CATALOGACIÓN
Centro catalogador/agencia de origen mxcmmo
Lengua de catalogación spa
Centro/agencia transcriptor mxcmmo
Normas de descripción rda
041 0# - CÓDIGO DE IDIOMA
Código de lengua del texto/banda sonora o título independiente spa
082 04 - NÚMERO DE LA CLASIFICACIÓN DECIMAL DEWEY
Número de clasificación 658.408
Número de ítem ATO.z
245 04 - MENCIÓN DEL TÍTULO
Título The A to Z of corporate social responsibility
Resto del título : a complete reference guide to concepts, codes and organisations/
Mención de responsabilidad, etc. edited by Wayne Visser [y otros]
264 #1 - PRODUCCIÓN, PUBLICACIÓN, DISTRIBUCIÓN, FABRICACIÓN Y COPYRIGHT
Producción, publicación, distribución, fabricación y copyright Chichester, England:
Nombre del de productor, editor, distribuidor, fabricante John Wiley and Sons,
Fecha de producción, publicación, distribución, fabricación o copyright [Fecha de publicación no identificada]
264 #4 - PRODUCCIÓN, PUBLICACIÓN, DISTRIBUCIÓN, FABRICACIÓN Y COPYRIGHT
Fecha de producción, publicación, distribución, fabricación o copyright ©2007
300 ## - DESCRIPCIÓN FÍSICA
Extensión 1 disco compacto;
Dimensiones 4 3/4 pulgadas
336 ## - TIPO DE CONTENIDO
Término de tipo de contenido texto
Código de tipo de contenido txt
Fuente rdacontent
337 ## - TIPO DE MEDIO
Nombre/término del tipo de medio computadora
Código del tipo de medio c
Fuente rdamedia
338 ## - TIPO DE SOPORTE
Nombre/término del tipo de soporte recurso en línea
Código del tipo de soporte cr
Fuente rdacarrier
500 ## - NOTA GENERAL
Nota general Incluye referencias bibliográficas e índice
650 #7 - PUNTO DE ACCESO ADICIONAL DE MATERIA--TÉRMINO DE MATERIA
Término de materia o nombre geográfico como elemento de entrada Responsabilidad social de la empresa
Subdivisión general Diccionarios
9 (RLIN) 192252
700 1# - ENTRADA AGREGADA--NOMBRE PERSONAL
Nombre de persona Visser, Wayne
Término indicativo de función/relación editor
9 (RLIN) 192253
856 41 - LOCALIZACIÓN Y ACCESO ELECTRÓNICOS
Materiales especificados Acceso electrónico a Tabla de Contenido
Identificador Uniforme de Recurso <a href="http://www.loc.gov/catdir/enhancements/fy0805/2007041621-t.html">http://www.loc.gov/catdir/enhancements/fy0805/2007041621-t.html</a>
900 ## - ELEMENTOS DE DATOS A LOCAL, LDA (RLIN)
Nombre de persona CATY
Numeración 30
Títulos y otros términos asociados al nombre 20190312
Lenguaje de la obra MOR01
-- 1049
900 ## - ELEMENTOS DE DATOS A LOCAL, LDA (RLIN)
Nombre de persona CATY
Numeración 30
Títulos y otros términos asociados al nombre 20190312
Lenguaje de la obra MOR01
-- 1049
900 ## - ELEMENTOS DE DATOS A LOCAL, LDA (RLIN)
Nombre de persona KLASY
Numeración 30
Títulos y otros términos asociados al nombre 20190315
Lenguaje de la obra MOR01
-- 1026
900 ## - ELEMENTOS DE DATOS A LOCAL, LDA (RLIN)
Nombre de persona LUIS
Numeración 20
Títulos y otros términos asociados al nombre 20190218
Lenguaje de la obra MOR01
-- 1119
900 ## - ELEMENTOS DE DATOS A LOCAL, LDA (RLIN)
Nombre de persona LUIS
Numeración 20
Títulos y otros términos asociados al nombre 20190218
Lenguaje de la obra MOR01
-- 1119
904 ## - ELEMENTOS DE DATOS D LOCAL, LDD (RLIN)
a UPDATE
942 ## - ELEMENTOS DE ENTRADA SECUNDARIOS (KOHA)
Código de la institución [OBSOLETO] CF
901 ## - ELEMENTOS DE DATOS A LOCAL LDA (RLIN)
a batch batch
Existencias
Estatus retirado Estado de pérdida Fuente del sistema de clasificación o colocación Estado de daño No para préstamo Colección Biblioteca de origen Biblioteca actual Ubicación en estantería Fecha de adquisición Fuente de adquisición Número de inventario Total de préstamos Signatura topográfica completa Código de barras Visto por última vez Precio de reemplazo Tipo de ítem Koha Nota pública
    Clasificación Decimal Dewey     Consulta CD-ROM Biblioteca Nicolas Poussin Biblioteca Nicolas Poussin Préstamo Mínimo 12/03/2019   135068   (CC)/658.408 ATO.z 33068011386610 03/09/2024 03/09/2024 CD-ROM NO SE CUENTA CON MEDIOS PARA SU REPRODUCCIÓN